[Event "Barcelona La Lira op"]
[Site "Barcelona"]
[Date "1995.??.??"]
[Round "8"]
[White "Llasera Brufau, Joan"]
[Black "De Lucia, Gennaro"]
[Result "1/2-1/2"]
[WhiteElo "2010"]
[BlackElo "2000"]
[PlyCount "74"]
[EventDate "1995.04.??"]
[EventType "swiss"]
[EventRounds "9"]
[EventCountry "ESP"]
[SourceTitle "EXT 2003"]
[Source "ChessBase"]
[SourceDate "2002.11.25"]
[SourceVersion "1"]
[SourceVersionDate "2002.11.25"]
[SourceQuality "1"]

1. d4 Nf6 2. Nf3 d6 3. Nbd2 c5 4. e3 g6 5. Bd3 Bg7 6. 0-0 0-0 7. c3 Nc6 8. h3 e5 9. dxc5 dxc5 10. Qc2 Re8 11. e4 a6 12. Nb3 b6 13. a4 Be6 14. Rd1 Qe7 15. Nbd2 Na5 16. Ng5 c4 17. Bf1 h6 18. Nxe6 Qxe6 19. Rb1 Qc6 20. Re1 b5 21. axb5 axb5 22. b3 cxb3 23. Nxb3 Nc4 24. Nd2 Nh5 25. Nxc4 bxc4 26. Rb4 Ra1 27. Rxc4 Qa8 28. g3 Bf8 29. Rd1 Ra2 30. Qd3 Be7 31. Rc7 Rd8 32. Rd7 Rxd7 33. Qxd7 Bc5 34. Bc4 Bxf2+ 35. Kh2 Bxg3+ 36. Kg1 Bf2+ 37. Kh2 Bg3+ 1/2-1/2